Statistisk Arbok 1988

Guardado en:
Detalles Bibliográficos
Formato: Libro
Lenguaje:noruego
Publicado: Oslo Statistisk Sentralbyra 1988
Etiquetas: Agregar Etiqueta
Sin Etiquetas, Sea el primero en etiquetar este registro!

MARC

LEADER 00000nam a2200000 4500
001 c035939
005 20250702114231.3
041 0 |a nor 
044 |a NO 
245 1 0 |a Statistisk Arbok 1988 
264 1 |a Oslo  |b Statistisk Sentralbyra  |c 1988 
300 |a 502 s.